000 01720cad a22002655a 4500
001 L159218
008 160318s2016 xxk f 000 0 eng d
020 _a9781409847793
035 _a(Sirsi) u159218
041 0 _aeng
110 2 _aUnited Kingdom
_bDepartment for Communities and Local Government
_94939
245 0 0 _aEnglish housing survey
_bheadline report 2014-15
_h[electronic resource]
260 _aLondon
_bEHS
_c2016
520 _aPreliminary findings of the English Housing Survey (EHS) for 2014-15. The report is split into two sections. The first focuses on the profile of households including trends in tenures and the demographic and economic characteristics of households For the first time, includes first time buyers. Looks at rents and Housing Benefit, buying expectations, overcrowding and underoccupation as well as wellbeing. Section two provides an overview of the housing stock in England including the age, size, and type of home and presents measures of living conditions in England. This includes energy efficiency of the housing stock; decent homes; and homes affected by damp and mould and smoke alarms. There are a number of additional tables presented in an annex which provide further detail to that covered in the main body of the report.
590 _aKA
650 2 4 _aENGLISH HOUSING SURVEY
650 2 4 _aSOCIAL HOUSING
650 2 4 _aHOUSING STOCK
650 2 4 _aENERGY
_96237
650 2 4 _aPRIVATE SECTOR HOUSING
651 4 _aEngland
_y886-
690 _aResidential property
_96266
856 4 0 _uhttps://www.gov.uk/government/uploads/system/uploads/attachment_data/file/501065/EHS_Headline_report_2014-15.pdf
_zView the item free of charge at www.gov.uk
942 _n0
999 _c115746
_d115746